000 01146nam a2200313 i 4500
001 76052
003 ES-MaACL
005 20240415143606.0
007 t|
008 040929q1909 sp ||||1| spa d
100 1 _aJunqueiro, Guerra (
_d1850-1923)
_960518
245 1 0 _aObras /
_cAbilio M. Guerra Junqueiro ; traducción de E. Marquina.
260 _aBarcelona :
_bF. Granada,
_c[1909?]
300 _a5 v. ;
_c19 cm.
505 8 _aContiene: T.I: Los simples. -- T.II: La musa en ocios : (idilios y sátiras). La lágrima. Victoria en Francia -- T.III: La vejez del Padre Eterno. -- T.IV: La muerte de Don Juan. -- T.V: Patria. Finis patrire. El cazador Simón. A Inglaterra
700 1 _aMarquina, Eduardo,
_d1879-1946
_977043
740 4 _aLos simples.
740 3 _aLa musa en ocios : (idilios y sátiras)
740 3 _aLa lágrima.
740 0 _aVictoria de Francia.
740 3 _aLa vejez del Padre Eterno.
740 3 _aLa muerte de Don Juan.
740 0 _aPatria.
740 0 _aFinis Patrire.
740 3 _aEl cazador Simón.
740 2 _aA Inglaterra.
852 _aES-MaACL
_jF-4699-703
999 _c76052
_d76052